00703 2200241 4500001002100000005001500021035002000036245013100056100002500187250000600212300003700218700001200255260004300267082001000310084001600320020001800336650002200354990001700376990001700393990001700410990001700427990001700444INLIS00000000000048420181114121328 a0010-11180000271 aSeri Biografi Bung Karno :bMasa Prakemerdekaan Putra Sang Fajar II ( 1938-1945 ) /cSari Pusparini Soleh; Ilustrator, Sutarjo0 aSari Pusparini Soleh a- avi, 66 hlm. :bilus. ;c29,7 cm.0 aSutarjo aBandung :bPT Remaja Rosdakarya,c2004 a923.5 a923.5 SAR s a979-692-232-0 aBiografi Soekarno a01680/P/2018 a01681/P/2018 a01682/P/2018 a01683/P/2018 a01684/P/2018